Statistics for sabrina carpenter discography quiz !

Click here to take the quiz!

General Stats

  • This quiz has been taken 93 times
    (66 since last reset)
  • The average score is 39 of 72

Answer Stats

answers% Correct
emails i can't send
92%
because i liked a boy
88%
eyes wide open
88%
nonsense
88%
thumbs
85%
vicious
85%
tornado warnings
83%
feather
81%
read your mind
81%
skin
81%
decode
79%
paris
79%
sue me
79%
already over
75%
bet u wanna
75%
can't blame a girl for trying
75%
fast times
75%
opposite
75%
skinny dipping
71%
things i wish you said
71%
how many things
69%
lonesome
69%
almost love
67%
bad for business
63%
looking at me
60%
pushing 20
58%
in my bed
56%
on purpose
56%
diamonds are forever
54%
take you back
54%
the middle of starting over
54%
exhale
52%
prfct
52%
alien
50%
mona lisa
50%
on my way
50%
run and hide
50%
smoke and fire
50%
tell em
50%
why
50%
i can't stop me
48%
seamless
48%
all we have is love
46%
hold tight
46%
honeymoon fades
46%
shadows
46%
space
46%
too young
46%
we'll be the stars
46%
white flag
46%
bad time
44%
darling i'm a mess
44%
don't want it back
44%
mirage
44%
take off all your cool
44%
let me move you
42%
i'm fakin
40%
take on the world
40%
two young hearts
40%
feels like loneliness
38%
right now
38%
your love's like
38%
best thing i got
33%
no words
33%
clouds
29%
first love
29%
hands
29%
christmas the whole year round
19%
fix me up
17%
blueberries
15%
how to go to confession
15%
wow (remix)
4%

Score Distribution

Percentile by Number Answered

Percent of People with Each Score

Your Score History

You have not taken this quiz since the last reset